[Event "Steinfurt Bezirksliga 1112"]
[Site "Germany"]
[Date "2011.11.05"]
[Round "2.3"]
[White "Amirezaishvili, Maia"]
[Black "Hartmann, Viktor"]
[Result "1/2-1/2"]
[WhiteElo "1655"]
[BlackElo "1737"]
[PlyCount "82"]
[EventDate "2011.10.01"]
[EventType "team-tourn"]
[EventRounds "9"]
[EventCountry "GER"]
[SourceTitle "EXT 2013"]
[Source "ChessBase"]
[SourceDate "2012.11.22"]
[SourceVersion "1"]
[SourceVersionDate "2012.11.22"]
[SourceQuality "1"]
[WhiteTeam "Steinfurt II"]
[BlackTeam "Ibbenbueren II"]
[WhiteTeamCountry "GER"]
[BlackTeamCountry "GER"]

1. e4 c5 2. Nf3 d6 3. d4 cxd4 4. Nxd4 Nf6 5. Nc3 g6 6. Be2 Bg7 7. 0-0 0-0 8. Kh1 a6 9. Be3 b5 10. Bf3 e5 11. Nb3 Bb7 12. Qd2 Qc7 13. a4 b4 14. Nd5 Bxd5 15. exd5 e4 16. Be2 a5 17. Bb5 Nbd7 18. Bc6 Rac8 19. Nd4 Ne5 20. Nb5 Qe7 21. Nd4 Nfd7 22. Bg5 f6 23. Bh6 Bxh6 24. Qxh6 Nc5 25. Rae1 f5 26. f3 Nf7 27. Qc1 h6 28. fxe4 fxe4 29. Bb5 Qe5 30. Nc6 Rxc6 31. Bxc6 Kg7 32. b3 h5 33. Qa1 Qxa1 34. Rxa1 Nh6 35. h3 Nf5 36. Kg1 h4 37. Rae1 Kf6 38. Rf4 Ke5 39. Ref1 Rg8 40. Bb5 Rd8 41. Bc4 Rg8 1/2-1/2

[Event "Muensterland Verbandsliga 0910"]
[Site "Germany"]
[Date "2009.10.31"]
[Round "2.8"]
[White "Sommerhoff, Dominic"]
[Black "Amirezaishvili, Maia"]
[Result "1-0"]
[WhiteElo "1986"]
[BlackElo "1675"]
[PlyCount "71"]
[EventDate "2009.09.26"]
[EventType "team-tourn"]
[EventRounds "9"]
[EventCountry "GER"]
[SourceTitle "EXT 2011"]
[Source "ChessBase"]
[SourceDate "2010.11.26"]
[SourceVersion "1"]
[SourceVersionDate "2010.11.26"]
[SourceQuality "1"]
[WhiteTeam "Muenster II"]
[BlackTeam "Steinfurt"]
[WhiteTeamCountry "GER"]
[BlackTeamCountry "GER"]

1. e4 c5 2. c3 Nc6 3. d4 cxd4 4. cxd4 e6 5. Nf3 Bb4+ 6. Nc3 a6 7. Bc4 d5 8. exd5 exd5 9. Bb3 Nge7 10. 0-0 0-0 11. Bg5 Qd6 12. Qd2 Ng6 13. Qd3 Nce7 14. Rac1 Ba5 15. Rfe1 Bf5 16. Qe2 Rae8 17. a3 h6 18. Be3 Nf4 19. Bxf4 Qxf4 20. Qe5 Ng6 21. Qxe8 Rxe8 22. Rxe8+ Kh7 23. Ne2 Qd6 24. Ne5 Bc7 25. Ng3 Bd7 26. Nxd7 Qxd7 27. Rce1 Bd6 28. Bc2 Be7 29. R8xe7 Qc6 30. Bf5 h5 31. Rxf7 h4 32. Nf1 Kg8 33. Re6 Qc1 34. Bxg6 Qc8 35. Re8+ Qxe8 36. Rxg7+ 1-0

[Event "Steinfurt Bezirksliga 0809"]
[Site "Germany"]
[Date "2009.05.09"]
[Round "9.4"]
[White "Amirezaishvili, Maia"]
[Black "Overmeyer, Juergen"]
[Result "1-0"]
[WhiteElo "1602"]
[BlackElo "1592"]
[PlyCount "33"]
[EventDate "2008.09.27"]
[EventType "team-tourn"]
[EventRounds "9"]
[EventCountry "GER"]
[SourceTitle "EXT 2010"]
[Source "ChessBase"]
[SourceDate "2010.11.25"]
[SourceVersion "1"]
[SourceVersionDate "2010.11.25"]
[SourceQuality "1"]
[WhiteTeam "Steinfurt III"]
[BlackTeam "Emsdetten Rochade III"]
[WhiteTeamCountry "GER"]
[BlackTeamCountry "GER"]

1. e4 c5 2. Nf3 Nc6 3. d4 cxd4 4. Nxd4 d6 5. Nc3 g6 6. Be2 Bg7 7. Be3 Nf6 8. 0-0 0-0 9. Kh1 a6 10. f4 Bd7 11. f5 e5 12. Nb3 Ne8 13. Nd5 g5 14. f6 Nxf6 15. Bb6 Qe8 16. Nxf6+ Bxf6 17. Rxf6 1-0

[Event "BL2 West 0809 (Women)"]
[Site "Germany"]
[Date "2009.03.07"]
[Round "6.6"]
[White "Flauss, Jessica"]
[Black "Amirezaishvili, Maia"]
[Result "1-0"]
[WhiteElo "1528"]
[BlackElo "1617"]
[PlyCount "79"]
[EventDate "2008.11.08"]
[EventType "team-tourn"]
[EventRounds "7"]
[EventCountry "GER"]
[SourceTitle "EXT 2010"]
[Source "ChessBase"]
[SourceDate "2010.11.25"]
[SourceVersion "1"]
[SourceVersionDate "2010.11.25"]
[SourceQuality "1"]
[WhiteTeam "Lehrte (W) II"]
[BlackTeam "Steinfurt (W)"]
[WhiteTeamCountry "GER"]
[BlackTeamCountry "GER"]

1. e4 c5 2. Nf3 d6 3. d4 cxd4 4. Nxd4 Nf6 5. Nc3 Nc6 6. Be3 Ng4 7. Bd2 Nxd4 8. f3 Ne5 9. Bf4 Nec6 10. Be3 e5 11. Nd5 f5 12. Bc4 f4 13. Bf2 b5 14. Bd3 a6 15. c3 Ne6 16. Bb6 Qh4+ 17. Bf2 Qg5 18. g4 Rb8 19. a4 b4 20. Qc2 b3 21. Qe2 Be7 22. Bxa6 0-0 23. Bb5 Bb7 24. Bxc6 Bd8 25. Bxb7 Rxb7 26. Qa6 Rd7 27. Qc6 Rff7 28. h4 Qh6 29. Nb6 Bxb6 30. Bxb6 g6 31. 0-0-0 Qf8 32. Ba5 Nd8 33. Bxd8 Qxd8 34. Qd5 Qb8 35. g5 Kg7 36. h5 Qb6 37. hxg6 Qe3+ 38. Qd2 Kxg6 39. Rh6+ Kxg5 40. Rxd6 1-0

[Event "Muensterland Verbandsklasse-A 0708"]
[Site "Germany"]
[Date "2007.09.15"]
[Round "1.7"]
[White "Amirezaishvili, Maia"]
[Black "Stremmer, Hans Dieter"]
[Result "0-1"]
[WhiteElo "1436"]
[BlackElo "1865"]
[PlyCount "114"]
[EventDate "2007.09.22"]
[EventType "team-tourn"]
[EventRounds "9"]
[EventCountry "GER"]
[SourceTitle "EXT 2009"]
[Source "ChessBase"]
[SourceDate "2008.11.26"]
[SourceVersion "1"]
[SourceVersionDate "2008.11.26"]
[SourceQuality "1"]
[WhiteTeam "Muenster SK IV"]
[BlackTeam "Muenster SK III"]
[WhiteTeamCountry "GER"]
[BlackTeamCountry "GER"]

1. e4 c5 2. Nf3 d6 3. d4 cxd4 4. Nxd4 Nf6 5. Nc3 g6 6. Be2 Bg7 7. 0-0 0-0 8. Be3 Nc6 9. f4 Bd7 10. Kh1 a6 11. a4 Rc8 12. Nb3 Na5 13. e5 Ne8 14. Nd5 Nc4 15. Bxc4 Rxc4 16. Bb6 Qb8 17. Nxe7+ Kh8 18. Nc5 Bc6 19. Nxc6 bxc6 20. Nd7 Qb7 21. Nxf8 Qxb6 22. exd6 Rd4 23. d7 Nd6 24. Qe2 Re4 25. Qxa6 Qd8 26. Rad1 Bxf8 27. Qxc6 Rc4 28. Qa6 Rc7 29. Rxd6 Bxd6 30. Qxd6 Rxd7 31. Qe5+ f6 32. Qb5 Rd5 33. Qb4 Rd4 34. Qc5 Rd5 35. Qe3 Rd1 36. Kg1 Rxf1+ 37. Kxf1 Qd1+ 38. Qe1 Qxc2 39. Qe8+ Kg7 40. Qe7+ Kg8 41. Qe6+ Kg7 42. Qd7+ Kg8 43. Qd4 Qb1+ 44. Kf2 Qc2+ 45. Kg3 Qb3+ 46. Kh4 Qe6 47. h3 Qe1+ 48. Kg4 h5+ 49. Kf3 Kg7 50. b4 h4 51. a5 Qg3+ 52. Ke2 Qxg2+ 53. Kd1 Qf1+ 54. Kd2 Qg2+ 55. Kd1 Qf1+ 56. Kc2 Qg2+ 57. Kd1 Qxh3 0-1

[Event "Muensterland Verbandsklasse-B 0607"]
[Site "Germany"]
[Date "2007.02.17"]
[Round "6.6"]
[White "Amirezaishvili, Maia"]
[Black "Darwisch, Mohamed"]
[Result "1/2-1/2"]
[WhiteElo "1431"]
[BlackElo "1780"]
[PlyCount "29"]
[EventDate "2006.09.23"]
[EventType "team-tourn"]
[EventRounds "9"]
[EventCountry "GER"]
[SourceTitle "EXT 2008"]
[Source "ChessBase"]
[SourceDate "2007.11.25"]
[SourceVersion "1"]
[SourceVersionDate "2007.11.25"]
[SourceQuality "1"]
[WhiteTeam "Muenster SK III"]
[BlackTeam "Ahaus Wessum"]
[WhiteTeamCountry "GER"]
[BlackTeamCountry "GER"]

1. e4 g6 2. d4 Bg7 3. Nf3 d6 4. Be2 Nf6 5. 0-0 0-0 6. Nc3 Nfd7 7. Be3 Nc6 8. Qd2 e5 9. Bg5 f6 10. Bc4+ Kh8 11. Bh6 a6 12. Rad1 exd4 13. Bxg7+ Kxg7 14. Nxd4 Nde5 15. Bb3 1/2-1/2

[Event "Muensterland Verbandsklasse-B 0607"]
[Site "Germany"]
[Date "2006.12.09"]
[Round "4.5"]
[White "Bruener, Klaus"]
[Black "Amirezaishvili, Maia"]
[Result "1-0"]
[WhiteElo "1766"]
[BlackElo "1431"]
[PlyCount "80"]
[EventDate "2006.09.23"]
[EventType "team-tourn"]
[EventRounds "9"]
[EventCountry "GER"]
[SourceTitle "EXT 2008"]
[Source "ChessBase"]
[SourceDate "2007.11.25"]
[SourceVersion "1"]
[SourceVersionDate "2007.11.25"]
[SourceQuality "1"]
[WhiteTeam "Nienberge"]
[BlackTeam "Muenster SK III"]
[WhiteTeamCountry "GER"]
[BlackTeamCountry "GER"]

1. d4 d6 2. Nf3 Nf6 3. g3 e6 4. Bg2 Be7 5. 0-0 0-0 6. c4 c6 7. Nc3 Nbd7 8. e4 e5 9. Qc2 Qc7 10. b3 Nb6 11. Bb2 Bg4 12. Rfd1 Nfd7 13. Ne2 f5 14. Ne1 f4 15. f3 Bh5 16. g4 Bg6 17. Nc3 Nf6 18. Qf2 Nbd7 19. Nc2 Rac8 20. Rac1 Qd8 21. Ne2 Qc7 22. Nc3 h6 23. a3 Nh7 24. b4 Nb6 25. Bf1 Bf7 26. d5 Qd8 27. c5 Bh4 28. Qe2 cxd5 29. cxb6 Qxb6+ 30. Kg2 dxe4 31. Nxe4 Bc4 32. Qd2 Bb3 33. Nxd6 Rc6 34. Bxe5 Rd8 35. Qe2 Rcxd6 36. Rxd6 Rxd6 37. Bxd6 Qxd6 38. Qe8+ Nf8 39. Ne1 Qd2+ 40. Qe2 Qxc1 1-0